La Iglesia en Argentina / (Record no. 176986)

MARC details
000 -LEADER
campo de control de longitud fija 00839nam a22002295i 4500
001 - NÚMERO DE CONTROL
campo de control 176986
003 - IDENTIFICADOR DE NÚMERO DE CONTROL
campo de control ES-MaACL
005 - FECHA Y HORA DE LA ÚLTIMA TRANSACCIÓN
campo de control 20230906220227.0
008 - DATOS DE LONGITUD FIJA--INFORMACIÓN GENERAL
campo de control de longitud fija 110222s1965 be bd |||| | spa d
080 ## - NÚMERO DE LA CLASIFICACIÓN DECIMAL UNIVERSAL
Número de la Clasificación Decimal Universal 27-72(82)
100 1# - ENTRADA PRINCIPAL--NOMBRE DE PERSONA
Nombre de persona Amato, Enrique.
9 (RLIN) 145324
245 13 - MENCIÓN DEL TÍTULO
Título La Iglesia en Argentina /
Mención de responsabilidad, etc. por Enrique Amato.
260 ## - PUBLICACIÓN, DISTRIBUCIÓN, ETC.
Lugar de publicación, distribución, etc. Bruselas :
Nombre del editor, distribuidor, etc. Oficina Internacional de Investigaciones Sociales de Feres,
Fecha de publicación, distribución, etc. 1965.
300 ## - DESCRIPCIÓN FÍSICA
Extensión 253 p. :
Otras características físicas il. ;
Dimensiones 22 cm.
490 1# - MENCIÓN DE SERIE
Mención de serie Estudios socio-religiosos latino-americanos ;
Designación de volumen o secuencia 5, II
500 ## - NOTA GENERAL
Nota general Índices.
651 #4 - PUNTO DE ACCESO ADICIONAL DE MATERIA--NOMBRE GEOGRÁFICO
Nombre geográfico Argentina-
Subdivisión general Historia eclesiástica.
9 (RLIN) 145325
710 2# - ENTRADA AGREGADA--NOMBRE DE ENTIDAD CORPORATIVA
Nombre de entidad corporativa o nombre de jurisdicción como elemento de entrada Oficina Internacional de Investigaciones Sociales.
9 (RLIN) 172476
830 1# - PUNTO DE ACCESO ADICIONAL DE SERIE-TÍTULO UNIFORME
Título uniforme Estudios socio-religiosos latino-americanos ;
Designación de volumen o secuencia 5, II
9 (RLIN) 183494
852 ## - LOCALIZACIÓN
Ubicación ES-MaACL
Número de control de estantería E-14404
Encuadernación Olim P-1014-bis
Holdings
Estatus retirado Estado de pérdida Estado de daño No para préstamo Biblioteca de origen Biblioteca actual Ubicación en estantería Fecha de adquisición Fuente de adquisición Total de préstamos Signatura topográfica completa Código de barras Visto por última vez Precio de reemplazo Tipo de ítem Koha
        Biblioteca del Ateneo de Madrid Biblioteca del Ateneo de Madrid Depósito 2 22/02/2011     E-14404 1185887 23/02/2023 23/02/2023 Libro impreso